Implementación de un dispositivo electrónico para la transmisión y recepción de audio a través de una red inalámbrica ad-hoc

保存先:
書誌詳細
第一著者: Oscar Pauly Calvo, 1989-
その他の著者: Quesada Acosta, Andrés, 1992-, Wiillink Castro, Teodoro Director del TFG
フォーマット: 図書
言語:Spanish
出版事項: [ San José, Costa Rica] 2019
主題:
オンライン・アクセス:https://cedi.ucr.ac.cr/electrica/implementacion-de-un-dispositivo-electronico-para-la-transmision-y-recepcion-de-audio-a-traves-de-una-red-inalambrica-ad-hoc/
タグ: タグ追加
タグなし, このレコードへの初めてのタグを付けませんか!

MARC

LEADER 00000nam a2200000Ia 4500
003 013286
005 20230509161902.0
008 140114s2019 cr a 000 ||spa d
040 |c cru CEDI 
100 |a Oscar Pauly Calvo, 1989-  |9 316 
245 |a Implementación de un dispositivo electrónico para la transmisión y recepción de audio a través de una red inalámbrica ad-hoc 
260 |a [ San José, Costa Rica]  |c 2019 
500 |a Proyecto de graduación (licenciatura en ingeniería eléctrica)--Universidad de Costa Rica. Facultad de Ingeniería. Escuela de Ingeniería Eléctrica 
501 |a Director de Proyecto de Graduación: Ing. Teodoro Willink Castro, M.Sc 
650 |x SISTEMAS DE COMUNICACION INALAMBRICA  |x INSTRUMENTOS MUSICALES   |x MUSICA Y TECNOLOGIA  |x APLICACIONES MOVILES   |x SISTEMAS MOVILES DE COMUNICACION  
700 |9 317  |a  Quesada Acosta, Andrés, 1992- 
700 |9 318  |a Wiillink Castro, Teodoro  |d Director del TFG  
856 |u https://cedi.ucr.ac.cr/electrica/implementacion-de-un-dispositivo-electronico-para-la-transmision-y-recepcion-de-audio-a-traves-de-una-red-inalambrica-ad-hoc/  |y https://cedi.ucr.ac.cr/electrica/implementacion-de-un-dispositivo-electronico-para-la-transmision-y-recepcion-de-audio-a-traves-de-una-red-inalambrica-ad-hoc/ 
942 |c CEDI  |h TFG 8437  |2 ddc  |6 TFG_8437_000000000000000 
999 |c 12932  |d 12932